| 000 | 03640nab a22006977 4500 | ||
|---|---|---|---|
| 003 | AR-RoUNA | ||
| 022 | _a0327-9022 | ||
| 040 |
_aAR-RoUNA _bspa |
||
| 041 | _aspa | ||
| 044 | _aag | ||
| 245 |
_aSumma+ / _bHoteles - Oficinas - Comercios |
||
| 260 |
_aBuenos Aires , _c1993 |
||
| 300 |
_a128 p. : _bil. byn. _bplanos _c34 X25 cm. |
||
| 505 | 0 | _tINDICE | |
| 505 | 0 | _tTURISMO SÚPER - NATURAL - HOTELES | |
| 505 | 0 | _tESE CIELO AZUL | |
| 505 | 0 | _aRodrigo Duque Motta / Hotel Astronómico Elqui Domos, Paihuano, Chile, 2011. p. 7 | |
| 505 | 0 | _tENDÉMICO Y SILVESTRE | |
| 505 | 0 | _aGracia Studio / Endémico - Resguardo Silvestre, Ensenada, México, 2011. p. 15 | |
| 505 | 0 | _tCOMPOSICIÓN EN EL BOSQUE | |
| 505 | 0 | _aLuís Rebelo de Andrade & Diogo Aguiar / ECD - Resort Pedras Salgadas, Portugal, 2012. p. 21 | |
| 505 | 0 | _tESPACIOS DENTRO DE ESPACIOS PREVIOS - OFICINAS | |
| 505 | 0 | _tMUÑECAS RUSAS | |
| 505 | 0 | _aLangarita - Navarro arqs. / Red Bull Music Academy, Nave de la Música en Matadero Madrid, España, 2011. p. 31 | |
| 505 | 0 | _tUN ZAPATO TAMBIÉN PUEDE SER UN PISAPAPELES | |
| 505 | 0 | _aInés Lobo / Garage Films - Productora de cortos publicitarios, Lisboa, Portugal, 2006. p. 38 | |
| 505 | 0 | _tACAMPANDO EN EL TALLER | |
| 505 | 0 | _aJulio D´Aubidul / Espacio de trabajo y vivienda temporal en una antigua fábrica textil, Bélgica, 2012. p. 46 | |
| 505 | 0 | _tRELACIONES DE ESTÍMULO - COMERCIOS | |
| 505 | 0 | _tGESTALT EN ACCIÓN | |
| 505 | 0 | _aFrancisco y Manuel Aires Mateus / Librerías Almedina II, Oporto, Portugal, 2002. p. 56 | |
| 505 | 0 | _aFrancisco y Manuel Aires Mateus / Librerías Almedina IV, Oporto, Portugal, 2007. p. 62 | |
| 505 | 0 | _aFrancisco y Manuel Aires Mateus / Librerías Almedina III, Oporto, Portugal, 2006. p. 64 | |
| 505 | 0 | _tIMAGEN LÍQUIDA | |
| 505 | 0 | _aStudio Arthur Casas / Mistral, Casa de Vinos, San Pablo, Brasil, 2013. p. 68 | |
| 505 | 0 | _tPENSAR EN PÍXELES | |
| 505 | 0 | _aPhillip Dittus, Matthias Furch / Kreis - Tienda de Vinos, Stuttgart, Alemania, 2012. p. 74 | |
| 505 | 0 | _tMANANTIAL DE BARRIO | |
| 505 | 0 | _aThinc @ / Ignacio Cadena - Héctor Esrawe / Casa del agua, D.F. México, 2012. p. 80 | |
| 505 | 0 | _aFrancesco Moschini / Gabriele Basilico: formas de lo urbano entre fragmento y totalidad. p. 86 | |
| 505 | 0 | _aRoberto Segre / El drama arquitectónico del socialismo real. p. 94 | |
| 505 | 0 | _tPLANETA ZAHA | |
| 505 | 0 | _aMalca Mizrahi / La criatura de la serpiente. p. 102 | |
| 505 | 0 | _aZaha Hadid con Patrick Schumacher / Galaxi Soho, Beijing, China. 2012. p. 102 | |
| 505 | 0 | _aRoberto Segre (1934 - 2013). p. 114 | |
| 505 | 0 | _aAlfonso Corona Martínez / In Memoriam Alan Colquhoun 1921-2012. p. 115 | |
| 505 | 0 | _tLA ESTRATEGIA DEL CARACOL | |
| 505 | 0 | _aCristóbal Palma / Espacio Continuo: registro trpológico de los caracoles comerciales de Santiago, 1974 - 1983, Santiago de Chile. p. 116 | |
| 505 | 0 | _aIgnacio Ros de Olano / Los Ángeles en papel. p. 117 | |
| 505 | 0 | _aRafael E.J. Iglesia / Diálogo ficticio: para una teoría y una ética del artefacto. p. 118 | |
| 505 | 0 | _aRuth Verde Zein / El vientre de un arquitecto. p. 120 | |
| 505 | 0 | _aRoberto Fernández / Piranesi: anti-clásico y proto-moderno. p. 125 | |
| 505 | 0 | _aRita Molinos y Mario Sabugo / EUR (II): del fascismo a la nube. p. 126 | |
| 505 | 0 | _aNelson Inda / De casas escasas. p. 128 | |
| 650 | _aArquitectura contemporánea | ||
| 773 | 0 |
_aSumma+ _dBuenos Aires, Argentina _gNº129 (abr-2013), p. 128 _x0327-9022 |
|
| 908 | _aImp | ||
| 942 |
_2udc _cART |
||
| 945 |
_aMBP _d2022-07-08 |
||
| 980 |
_8138 _gCarolina Rainero _6138 _aCarolina Rainero |
||
| 999 |
_c12275 _d12275 |
||